| 000 | 00714nam a22002297a 4500 | ||
|---|---|---|---|
| 003 | OSt | ||
| 005 | 20250709011218.0 | ||
| 008 | 250709b |||||||| |||| 00| 0 eng d | ||
| 020 | _a9780848733667 | ||
| 040 |
_aDWCL- Main lib _cOC |
||
| 082 | _aCirc. 641.5636 C771 2010 | ||
| 100 | _aQuinlivan, Rachel | ||
| 245 |
_aCooking light way to cook vegetarian/ _cRachel Quinlivan |
||
| 260 |
_aNew York : _bTime Home Entertainment, _cc2010. |
||
| 300 |
_a424 pages : _b illustrations (some color) ; _c23 cm. |
||
| 504 | _aIncludes index. | ||
| 650 | _a1. Cooking(natural foods). | ||
| 650 | _a2. Nutrition. | ||
| 650 | _a3. Vegan Cooking. | ||
| 650 | _a4. Vegetarian cooking. | ||
| 942 |
_2ddc _cBK-CIRC _kCirc. _n0 |
||
| 999 |
_c3498 _d3498 |
||